Stay Stay Stay lyrics - Statistics

General Stats
  • This quiz has been taken 70 times
  • The average score is 238 of 292
Answer Stats
Lyrics % Correct
stay,
100%
stay
100%
Stay,
100%
I
97%
you
97%
You
97%
you,
97%
a
94%
be
94%
for
94%
time,
94%
time
94%
I'm
91%
it
91%
it's
91%
So
91%
so
91%
been
89%
fun"
89%
if
89%
I've
89%
loving
89%
some
89%
that
89%
the
89%
we
89%
me
86%
me,
86%
my
86%
My
86%
quite
86%
think
86%
when
86%
And
83%
and
83%
but
83%
But
83%
funny
83%
mad,
83%
mad
83%
in
80%
night
80%
no
80%
No
80%
on
80%
best
77%
both
77%
said
77%
said,
77%
up
77%
at
74%
last
74%
threw
74%
all
71%
All
71%
almost
71%
broke
71%
I'd
71%
is
71%
like
71%
love
71%
phone
71%
pretty
71%
room,
71%
stayed
71%
sure
71%
That's
71%
"That's
71%
to
71%
was
71%
who
71%
across
69%
football
69%
helmet
69%
just
69%
leave
69%
leave,
69%
let's
69%
one
69%
should
69%
turn
69%
with
69%
came
66%
dramatic
66%
hang
66%
I'll
66%
never
66%
"Okay
66%
out
66%
talk
66%
talk"
66%
This
66%
wearing
66%
about
63%
away,
63%
'cause
63%
dreams
63%
expecting
63%
fight
63%
get
63%
gonna
63%
hanging
63%
hopes
63%
now
63%
only
63%
took
63%
unresolved
63%
else
60%
have
60%
laughing
60%
life
60%
memorize
60%
of
60%
whole
60%
always
57%
carry
57%
dated
57%
didn't
57%
morning
57%
read
57%
self
57%
times
57%
Before
54%
groceries
54%
indulgent
54%
their
54%
those
54%
because
51%
fears,
51%
given
51%
occurring
51%
problems
51%
choice
49%
takers
49%
No matching quizzes found
Score Distribution
Percent of People with Each Score
Percentile by Number Answered
Your Score History
You have not taken this quiz